Inertial coordinate system on the sky (Record no. 9967)

MARC details
000 -LEADER
fixed length control field 00728nam a2200229Ia 4500
003 - CONTROL NUMBER IDENTIFIER
control field IN-BaIIA
008 - FIXED-LENGTH DATA ELEMENTS--GENERAL INFORMATION
fixed length control field 211028s9999 xx 000 0 eng d
020 ## - INTERNATIONAL STANDARD BOOK NUMBER
International Standard Book Number 0-7923-0787-9
040 ## - CATALOGING SOURCE
Transcribing agency IIA Library
080 ## - UNIVERSAL DECIMAL CLASSIFICATION NUMBER
Universal Decimal Classification number 082.2:52
Item number IAU-S141
100 ## - MAIN ENTRY--PERSONAL NAME
Personal name Lieske, J. H.
9 (RLIN) 16921
245 #0 - TITLE STATEMENT
Title Inertial coordinate system on the sky
Statement of responsibility, etc. J. H. Lieske and V. K. Abalakin
260 ## - PUBLICATION, DISTRIBUTION, ETC.
Place of publication, distribution, etc. Dordrecht
Name of publisher, distributor, etc. Kluwer Academic
Date of publication, distribution, etc. 1990
300 ## - PHYSICAL DESCRIPTION
Extent xxxiv, 528p.
490 ## - SERIES STATEMENT
Series statement IAU symposium; no. 141
650 ## - SUBJECT ADDED ENTRY--TOPICAL TERM
Topical term or geographic name entry element Astrometry
650 ## - SUBJECT ADDED ENTRY--TOPICAL TERM
Topical term or geographic name entry element Astronomy and Astrophysics thesaurus
650 ## - SUBJECT ADDED ENTRY--TOPICAL TERM
Topical term or geographic name entry element Coordinate systems
9 (RLIN) 16922
650 ## - SUBJECT ADDED ENTRY--TOPICAL TERM
Topical term or geographic name entry element Reference systems
9 (RLIN) 9978
700 ## - ADDED ENTRY--PERSONAL NAME
Personal name Abalakin, V. K
9 (RLIN) 16923
942 ## - ADDED ENTRY ELEMENTS (KOHA)
Koha item type Books
Holdings
Withdrawn status Lost status Damaged status Not for loan Home library Current library Shelving location Date acquired Total Checkouts Full call number Barcode Date last seen Price effective from Koha item type
        IIA Library-Bangalore IIA Library-Bangalore General Stacks     082.2:52/ IAU-S141 10877 05/11/2021   Books

Powered by Koha